[Event "Staatsliga A 1998/99"]
[Site "Klagenfurt"]
[Date "1998.12.13"]
[Round "5.5"]
[White "Neulinger, Manfred"]
[Black "Gerhold, Michael"]
[Result "1-0"]
[WhiteElo "2270"]
[BlackElo "2265"]
[PlyCount "61"]
[EventDate "1998.11.13"]

1. e4 c5 2. Nf3 Nc6 3. d4 cxd4 4. Nxd4 Nf6 5. Nc3 e5 6. Nxc6 bxc6 7. Bc4 Bb4 8.
O-O h6 9. f4 d6 10. fxe5 Qb6+ 11. Kh1 dxe5 12. Qf3 12... Be6 {Warum?} 13. Be3
Qc7 14. Bxe6 fxe6 15. Qh3 Qe7 16. Qg3 Bd6 17. Rad1 $16 17... O-O-O 18. Rxd6 {
Ist die schwarze Bude schon sturmreif?} 18... Qxd6 19. Qxg7 Nd7 20. Rd1 Qf8 21.
Qg4 Qe7 22. h3 Nf6 23. Rxd8+ Rxd8 24. Qg3 Qd6 25. Qg7 Nh5 26. Qxa7 Ng3+ 27. Kg1
h5 28. Qa6+ Kd7 29. h4 $1 29... Rf8 30. Qa7+ Ke8 31. Bc5 {
Schwarz gab mit nur mehr wenigen Sekunden auf der Uhr auf.} (31. Bc5 Rf1+ 32.
Kh2 Qd8 33. Kxg3 33... Rf4 $1 34. Qe7+ $8 34... Qxe7 35. Bxe7 35... Kxe7 $13)
1-0

[Event "Staatsliga A 1998/99"]
[Site "Klagenfurt"]
[Date "1998.12.13"]
[Round "5.6"]
[White "Pilz, Dieter"]
[Black "Hechl, Gerald"]
[Result "1-0"]
[WhiteElo "2260"]
[BlackElo "2190"]
[PlyCount "81"]
[EventDate "1998.11.13"]

1. e4 c5 2. Nf3 e6 3. Nc3 a6 4. a4 d6 5. Bc4 Nc6 6. O-O Nf6 7. d3 Be7 8. Re1 h6
9. e5 dxe5 10. Nxe5 Nxe5 11. Rxe5 Qc7 12. Re1 Bd6 13. h3 Bd7 14. Nd5 Nxd5 15.
Bxd5 O-O 16. Be4 f5 17. Bf3 e5 18. Bd5+ Kh7 19. Qf3 Rae8 20. Bd2 Be6 21. Bc3 b6
22. Re2 g6 23. Rae1 Bf7 24. h4 Bg8 25. Bxg8+ Rxg8 26. h5 Re6 27. hxg6+ Kxg6 28.
Qd5 Rge8 29. f4 Kf6 30. Kh1 b5 31. axb5 axb5 32. b3 Qb8 33. Qf3 Kg6 34. Qg3+
Kh7 35. fxe5 Be7 36. Qh3 Rf8 37. Rf1 b4 38. Bb2 Rg6 39. Rxf5 Rxf5 40. Qxf5 Qg8
41. e6 1-0

[Event "Staatsliga A 1998/99"]
[Site "Klagenfurt"]
[Date "1998.12.13"]
[Round "5.2"]
[White "Popovic, Petar"]
[Black "Lehner, Oliver"]
[Result "1/2-1/2"]
[WhiteElo "2510"]
[BlackElo "2415"]
[PlyCount "44"]
[EventDate "1998.11.13"]

1. e4 c5 2. Nf3 Nc6 3. d4 cxd4 4. Nxd4 Nf6 5. Nc3 e5 6. Ndb5 d6 7. Nd5 Nxd5 8.
exd5 Nb8 9. c4 a6 10. Nc3 Be7 11. Be2 O-O 12. O-O f5 13. f3 Nd7 14. Rb1 Bf6 15.
Be3 b6 16. Qc2 Bg5 17. Bxg5 Qxg5 18. b4 Qe7 19. Qc1 Qh4 20. Qe3 Qd4 21. Kf2
Qh4+ 22. Kg1 Qd4 1/2-1/2

[Event "Staatsliga A 1998/99"]
[Site "Klagenfurt"]
[Date "1998.12.13"]
[Round "5.3"]
[White "Videki, Sandor"]
[Black "Penz, Harald"]
[Result "0-1"]
[WhiteElo "2430"]
[BlackElo "2390"]
[PlyCount "71"]
[EventDate "1998.11.13"]

1. e4 e5 2. Nf3 Nf6 3. d4 Nxe4 4. dxe5 d5 5. Nbd2 Be7 6. Nxe4 dxe4 7. Qxd8+
Bxd8 8. Ng5 Bf5 9. Bc4 Bxg5 10. Bxg5 Nc6 11. Bf4 Nd4 12. O-O-O O-O-O 13. Be3
Nc6 14. Bxf7 Nxe5 15. Bb3 Rhe8 16. h3 Rxd1+ 17. Rxd1 Be6 18. Bxe6+ Rxe6 19. Bd4
Nc4 20. Re1 g6 21. f3 Nd6 22. Bc5 Kd7 23. Bxd6 Kxd6 24. fxe4 Ke5 25. Rf1 Rc6
26. g4 h6 27. h4 Rc4 28. Rf7 Rxe4 29. Rxc7 Rxg4 30. h5 gxh5 31. Rxb7 h4 32.
Rxa7 Kf4 33. Rh7 Rg6 34. Rf7+ Kg3 35. Rf1 35... Kg2 {Jetzt wo es spannend wird,
laesst uns das Bulletin im Stich. Wie soll man den schwarzen h-Bauern stoppen?}
36. Rd1 {...50} 0-1

[Event "Staatsliga A 1998/99"]
[Site "Klagenfurt"]
[Date "1998.12.13"]
[Round "5.5"]
[White "Weissenbeck, Manuel"]
[Black "Zoebisch, Herbert"]
[Result "1/2-1/2"]
[WhiteElo "2200"]
[BlackElo "2235"]
[PlyCount "29"]
[EventDate "1998.11.13"]

1. d4 d5 2. Nf3 Nf6 3. Bf4 c5 4. e3 Nc6 5. c3 Qb6 6. Qb3 c4 7. Qc2 Bf5 8. Qc1
h6 9. Nbd2 e6 10. Be2 Be7 11. h3 Bh7 12. O-O O-O 13. Ne5 Nxe5 14. dxe5 Ne4 15.
Nxe4 1/2-1/2

[Event "Staatsliga A 1998/99"]
[Site "Klagenfurt"]
[Date "1998.12.13"]
[Round "5.2"]
[White "Weinzettl, Ernst"]
[Black "Moser, Guenter"]
[Result "1-0"]
[WhiteElo "2400"]
[BlackElo "2355"]
[PlyCount "79"]
[EventDate "1998.11.13"]

1. e4 e5 2. Nf3 Nc6 3. Bc4 d6 4. d4 Be7 5. Nc3 Nf6 6. h3 O-O 7. O-O Bd7 8. Re1
a6 9. a3 b5 10. Bf1 Re8 11. b3 Nxd4 12. Nxd4 exd4 13. Qxd4 c5 14. Qd3 b4 15.
axb4 cxb4 16. Nd5 Bb5 17. Nxe7+ Qxe7 18. Qd4 Bxf1 19. Kxf1 Qb7 20. Bb2 Rxe4 21.
Qxd6 Rae8 22. Rxe4 Qxe4 23. Bxf6 gxf6 24. Kg1 Re6 25. Qg3+ Qg6 26. Qb8+ Kg7 27.
Qxb4 Qxc2 28. Qg4+ Qg6 29. Qc4 Qf5 30. Rd1 Qb5 31. Qg4+ Qg5 32. Qf3 Qa5 33. Rd5
Qc7 34. Qg4+ Kf8 35. Qb4+ Kg7 36. Rd3 Re5 37. h4 Qc8 38. Rc3 Re1+ 39. Kh2 Re4
40. Rg3+ 1-0

[Event "Staatsliga A 1998/99"]
[Site "Klagenfurt"]
[Date "1998.12.13"]
[Round "5.3"]
[White "Grundherr, Martin"]
[Black "Herzog, Adolf"]
[Result "0-1"]
[WhiteElo "2335"]
[BlackElo "2400"]
[PlyCount "90"]
[EventDate "1998.11.13"]

1. e4 e6 2. d4 d5 3. Nc3 Bb4 4. Qf3 Nc6 5. Bb5 Nge7 6. a3 Ba5 7. exd5 exd5 8.
Nge2 Bxc3+ 9. Qxc3 O-O 10. O-O Bf5 11. Ng3 Bg6 12. Bf4 a6 13. Be2 Nc8 14. Bf3
Nb6 15. b3 Qd7 16. Rfe1 Rac8 17. h3 Nd8 18. Bg4 Ne6 19. Bxe6 fxe6 20. Be5 Qf7
21. Qd2 Nd7 22. Nf1 Nxe5 23. Rxe5 c5 24. c3 cxd4 25. Qxd4 Rc6 26. Nd2 Rfc8 27.
c4 dxc4 28. Nxc4 Qf6 29. Rae1 Rf8 30. Qe3 Kh8 31. a4 h6 32. Re2 Bf5 33. g4 Bg6
34. Kg2 Qd8 35. Rd2 Qe7 36. Rd4 Rd8 37. Qd2 Rxd4 38. Qxd4 Kh7 39. Qe3 Qd8 40.
Qf4 Qd1 41. Re3 Bd3 42. Kh2 e5 43. Rxd3 Qxd3 44. Nxe5 Qd6 45. Qe4+ 45... Kg8 {
...51} 0-1

[Event "Staatsliga A 1998/99"]
[Site "Klagenfurt"]
[Date "1998.12.13"]
[Round "5.4"]
[White "Staudner, Oliver"]
[Black "Koenig, Dietrich"]
[Result "1/2-1/2"]
[WhiteElo "2350"]
[BlackElo "2315"]
[PlyCount "52"]
[EventDate "1998.11.13"]

1. e4 g6 2. d4 Bg7 3. Nf3 c6 4. Nc3 d5 5. h3 Nh6 6. Bf4 f6 7. Qd2 Nf7 8. exd5
cxd5 9. Bb5+ Nc6 10. O-O O-O 11. Rfe1 a6 12. Bxc6 bxc6 13. Re2 c5 14. Bg3 Bh6
15. Bf4 cxd4 16. Nxd5 Qxd5 17. Bxh6 Re8 18. Be3 e5 19. Bxd4 Bxh3 20. Bxe5 Qxd2
21. Rxd2 Bxg2 22. Kxg2 fxe5 23. Re2 Rac8 24. Rae1 Kg7 25. c3 Kf6 26. Nd2 g5
1/2-1/2

[Event "Staatsliga A 1998/99"]
[Site "Klagenfurt"]
[Date "1998.12.13"]
[Round "5.5"]
[White "Neuschmied, Siegfried"]
[Black "Schneider_Zinner, Harald"]
[Result "1/2-1/2"]
[WhiteElo "2200"]
[BlackElo "2300"]
[PlyCount "84"]
[EventDate "1998.11.13"]

1. e4 e6 2. d4 d5 3. Nd2 c5 4. dxc5 Nf6 5. exd5 Qxd5 6. Nb3 Qxd1+ 7. Kxd1 Be7
8. Bb5+ Bd7 9. Bxd7+ Nbxd7 10. c6 bxc6 11. Nf3 O-O 12. Re1 c5 13. Na5 Rfc8 14.
c4 Ng4 15. Re2 Bf6 16. Bg5 Nxh2 17. Bxf6 Nxf3 18. Bxg7 Kxg7 19. gxf3 Kf6 20.
Re4 Ne5 21. Rh4 Rab8 22. Kc2 Rb6 23. Nb3 Ke7 24. Rxh7 Nxf3 25. Rd1 Ne5 26. Kc3
Rb4 27. Rh4 Rb7 28. Rh5 Rd7 29. Rg1 Kf6 30. Rg3 a5 31. f4 Ng6 32. Nxc5 Rdc7 33.
Ne4+ Ke7 34. b3 Nxf4 35. Rh2 Ng6 36. Rh5 a4 37. Rf3 Rd7 38. Ng5 Ne5 39. Re3 Ng4
40. Rf3 Ne5 41. Re3 Ng4 42. Rf3 Ne5 1/2-1/2

[Event "Staatsliga A 1998/99"]
[Site "Klagenfurt"]
[Date "1998.12.13"]
[Round "5.1"]
[White "Hickl, Joerg"]
[Black "Grosar, Aljosa"]
[Result "1-0"]
[WhiteElo "2540"]
[BlackElo "2450"]
[PlyCount "85"]
[EventDate "1998.11.13"]

1. g3 c5 2. Bg2 Nc6 3. c4 Nf6 4. Nc3 g6 5. a3 Bg7 6. Rb1 a5 7. d3 O-O 8. Nf3 d5
9. cxd5 Nxd5 10. Bd2 Rb8 11. O-O b6 12. Nxd5 Qxd5 13. Bf4 Bb7 14. Ne5 Qe6 15.
Nxc6 Bxc6 16. Bxc6 Qxc6 17. Bxb8 Rxb8 18. Qc2 Qe6 19. e3 Rd8 20. b4 cxb4 21.
axb4 Qd7 22. bxa5 bxa5 23. d4 h5 24. Rfc1 h4 25. Qc7 Bf6 26. Qxd7 Rxd7 27. Rb8+
Kg7 28. Ra8 h3 29. Rxa5 Rb7 30. Kf1 Rb2 31. Rac5 g5 32. R5c2 Rb3 33. Ke2 g4 34.
Rc3 Rb2+ 35. R1c2 Rb1 36. f3 e5 37. dxe5 Bxe5 38. Rc4 f5 39. fxg4 Bxg3 40. Kf3
Be5 41. gxf5 Rh1 42. Rh4 Kf6 43. Ke4 1-0

[Event "Staatsliga A 1998/99"]
[Site "Klagenfurt"]
[Date "1998.12.13"]
[Round "5.2"]
[White "Herndl, Harald"]
[Black "Atlas, Valery"]
[Result "1/2-1/2"]
[WhiteElo "2375"]
[BlackElo "2470"]
[PlyCount "71"]
[EventDate "1998.11.13"]

1. d4 Nf6 2. c4 e6 3. Nc3 Bb4 4. Qc2 c5 5. dxc5 Bxc5 6. Nf3 Qb6 7. e3 Qc7 8. a3
b6 9. b4 Be7 10. Bb2 a6 11. Be2 Bb7 12. O-O d6 13. Nd4 O-O 14. Rac1 Nbd7 15. f4
Rfe8 16. Rfd1 Rac8 17. Qd2 Qb8 18. Qe1 Ne4 19. Nxe4 Bxe4 20. Nf3 Nf6 21. Qg3
Bg6 22. Nd2 b5 23. cxb5 axb5 24. h3 d5 25. Qf3 Bc2 26. Re1 Ba4 27. Bd3 Rxc1 28.
Rxc1 Rc8 29. Rxc8+ Qxc8 30. Qe2 Qb7 31. Nf3 Ne4 32. Nd4 Bf6 33. Nf3 Be7 34. Nd4
Bf6 35. Nf3 Be7 36. Nd4 1/2-1/2

[Event "Staatsliga A 1998/99"]
[Site "Klagenfurt"]
[Date "1998.12.13"]
[Round "5.3"]
[White "Topakian, Raffi"]
[Black "Roth, Peter"]
[Result "0-1"]
[WhiteElo "2335"]
[BlackElo "2275"]
[PlyCount "146"]
[EventDate "1998.11.13"]

1. Nf3 Nc6 2. c4 d6 3. d4 Bg4 4. Nc3 Nf6 5. d5 Nb8 6. e4 g6 7. Be2 Bg7 8. O-O
O-O 9. Be3 c6 10. Qb3 Qc7 11. Rac1 Nbd7 12. h3 Bxf3 13. Bxf3 Rfc8 14. Na4 Ne5
15. Bf4 Nxf3+ 16. Qxf3 Qd7 17. dxc6 Rxc6 18. b3 Qe6 19. Nc3 a6 20. Rfe1 Nd7 21.
Nd5 Rac8 22. Bg5 f6 23. Bd2 Qf7 24. Qe2 Bf8 25. Nb4 R6c7 26. Nd5 Rc6 27. h4 e6
28. Nc3 Rc5 29. Be3 Rh5 30. g3 g5 31. hxg5 fxg5 32. Kg2 Bg7 33. Nb1 Ne5 34. Nd2
Rf8 35. f3 Qg6 36. g4 Rh6 37. Bf2 Qf6 38. Bg3 Ng6 39. Rh1 Rxh1 40. Rxh1 Qb2 41.
Re1 Qxa2 42. Qe3 h6 43. Re2 Be5 44. Bxe5 dxe5 45. Kg3 Nf4 46. Rh2 Rd8 47. Qc3
Rd4 48. c5 Kg7 49. b4 Qa4 50. Nb3 Qxb4 51. Qxb4 Rxb4 52. Na5 Rb5 53. Ra2 Ne2+
54. Rxe2 Rxa5 55. Rd2 Rb5 56. Rd6 Kf7 57. c6 bxc6 58. Rxc6 a5 59. Rc7+ Ke8 60.
Rh7 a4 61. Ra7 Rb4 62. Ra5 Kd7 63. Rxe5 a3 64. Ra5 Rb3 65. Ra6 Kc7 66. Kf2 Kb7
67. Ra5 Kb6 68. Ra8 Kc5 69. Ke2 Kd4 70. Ra4+ Ke5 71. Ra6 Rc3 72. Kf2 Kf4 73.
Rxe6 Rc2+ 0-1

[Event "Staatsliga A 1998/99"]
[Site "Klagenfurt"]
[Date "1998.12.13"]
[Round "5.5"]
[White "Thoma, Robert"]
[Black "Fahrner, Kurt"]
[Result "1/2-1/2"]
[WhiteElo "2285"]
[BlackElo "2325"]
[PlyCount "53"]
[EventDate "1998.11.13"]

1. Nf3 d5 2. e3 Nf6 3. c4 c6 4. b3 g6 5. Bb2 Bg7 6. Be2 O-O 7. O-O b6 8. d3 Bb7
9. Qc2 Nbd7 10. Ne5 dxc4 11. bxc4 Qc7 12. Nxd7 Nxd7 13. Bxg7 Kxg7 14. Nd2 c5
15. Bf3 Rad8 16. Bxb7 Qxb7 17. Nf3 Qc7 18. a4 Ne5 19. Qc3 f6 20. Nxe5 Qxe5 21.
Qxe5 fxe5 22. Rfd1 Rd6 23. Kf1 g5 24. h3 h5 25. Ke2 Rfd8 26. f3 Rg6 27. Rf1
1/2-1/2

[Event "Staatsliga A 1998/99"]
[Site "Klagenfurt"]
[Date "1998.12.13"]
[Round "5.6"]
[White "Kastner, Walter"]
[Black "Gaertner, Guntram"]
[Result "1/2-1/2"]
[WhiteElo "2265"]
[BlackElo "2340"]
[PlyCount "164"]
[EventDate "1998.11.13"]

1. Nf3 Nf6 2. c4 e6 3. g3 b6 4. Bg2 Bb7 5. O-O Be7 6. Nc3 O-O 7. Re1 d5 8. cxd5
Nxd5 9. d4 Nxc3 10. bxc3 c5 11. e4 Nd7 12. Bb2 Rc8 13. Qd2 cxd4 14. cxd4 Nf6
15. Ne5 Qc7 16. Rac1 Qb8 17. f3 Rxc1 18. Rxc1 Rc8 19. Kf2 Rc7 20. Rxc7 Qxc7 21.
Qc3 Qxc3 22. Bxc3 Bd6 23. Ke3 Bxe5 24. dxe5 Nd7 25. Bf1 Bc6 26. Bd4 Kf8 27. Kd2
Ke7 28. Kc3 Kd8 29. Bd3 Kc7 30. Bc2 Bb5 31. Bd1 a5 32. f4 Nb8 33. f5 Nc6 34.
Be3 exf5 35. exf5 Nxe5 36. f6 gxf6 37. Bc2 h5 38. Bd1 Ng4 39. Bf4+ Kb7 40. h3
Nf2 41. Bxh5 Nxh3 42. Bd6 Ng5 43. Kd4 Ne6+ 44. Ke3 Ng7 45. Bg4 Bc4 46. a3 Kc6
47. Bf8 Ne8 48. Kd4 Be6 49. Bf3+ Kd7 50. Be2 Nd6 51. Bd3 Nc8 52. Bb5+ Kd8 53.
Bd3 Na7 54. Bh6 Nc6+ 55. Kc3 Ne7 56. Be4 Bd5 57. Bd3 Bb7 58. Kd4 Nc6+ 59. Kc3
Ne5 60. Be3 Kc7 61. Be2 Bc6 62. Bd4 Bd5 63. Be3 Kc6 64. Bd4 b5 65. Be3 Bc4 66.
Bd1 Bf1 67. Bc2 Kd5 68. Bb6 Nc6 69. Bd1 b4+ 70. Kb2 Ne5 71. Bb3+ Bc4 72. Bc2
Bd3 73. Bb3+ Ke4 74. Bxa5 bxa3+ 75. Kxa3 Kf3 76. Be1 Bc4 77. Bc2 Ke2 78. Bc3
Kf2 79. Kb4 Be6 80. Kc5 Kxg3 81. Kd4 Nf3+ 82. Ke3 f5 1/2-1/2

[Event "Staatsliga A 1998/99"]
[Site "Klagenfurt"]
[Date "1998.12.13"]
[Round "5.1"]
[White "Chernin, Alexander"]
[Black "Groszpeter, Attila"]
[Result "1-0"]
[WhiteElo "2610"]
[BlackElo "2505"]
[PlyCount "34"]
[EventDate "1998.11.13"]

1. c4 Nf6 2. Nc3 e5 3. Nf3 Nc6 4. g3 Bc5 5. Nxe5 Bxf2+ 6. Kxf2 Nxe5 7. e4 c5 8.
Be2 d6 9. h3 O-O 10. d3 Be6 11. Kg2 Nfd7 12. d4 cxd4 13. Qxd4 Qc7 14. b3 Rad8
15. Nb5 Qa5 16. Bd2 Qa6 17. Bg5 17... Rc8 {...34} 1-0

[Event "Staatsliga A 1998/99"]
[Site "Klagenfurt"]
[Date "1998.12.13"]
[Round "5.2"]
[White "Schwarz, Michael"]
[Black "Luther, Thomas"]
[Result "1/2-1/2"]
[WhiteElo "2400"]
[BlackElo "2560"]
[PlyCount "43"]
[EventDate "1998.11.13"]

1. Nf3 d5 2. d4 e6 3. g3 Nf6 4. Bg2 b5 5. O-O Nbd7 6. Qd3 Rb8 7. Bf4 Bd6 8.
Nbd2 Bxf4 9. gxf4 c5 10. Ne5 Qb6 11. dxc5 Nxc5 12. Qd4 O-O 13. Nb3 Na4 14. Qxb6
Rxb6 15. Rab1 Nd7 16. Rfc1 Nxe5 17. fxe5 b4 18. e3 Ba6 19. Nd4 Rc8 20. f4 Kf8
21. Kf2 Rb7 22. Bf3 1/2-1/2

[Event "Staatsliga A 1998/99"]
[Site "Klagenfurt"]
[Date "1998.12.13"]
[Round "5.3"]
[White "Teske, Henrik"]
[Black "Danner, Georg"]
[Result "1-0"]
[WhiteElo "2510"]
[BlackElo "2340"]
[PlyCount "91"]
[EventDate "1998.11.13"]

1. Nf3 g6 2. b4 Bg7 3. d4 b6 4. e4 c5 5. c3 Bb7 6. bxc5 bxc5 7. Nbd2 cxd4 8.
cxd4 Nf6 9. Bd3 O-O 10. Rb1 Qc8 11. Ba3 Ba6 12. Qe2 Bxd3 13. Qxd3 d5 14. Bxe7
dxe4 15. Nxe4 Re8 16. Bxf6 Bxf6 17. O-O Qe6 18. Rfe1 Nd7 19. Qb5 Red8 20. d5
Qf5 21. Nd6 Qc2 22. Nb7 Rab8 23. Qc6 Qxa2 24. Nxd8 Qxb1 25. Qxd7 Bxd8 26. Qxd8+
Rxd8 27. Rxb1 Rxd5 28. h4 h6 29. g4 a5 30. Rb8+ Kg7 31. Kg2 g5 32. Kg3 gxh4+
33. Nxh4 h5 34. Nf5+ Kh7 35. Rb7 Rd3+ 36. Ne3 hxg4 37. Rxf7+ Kg6 38. Ra7 Ra3
39. Kxg4 Kf6 40. Ra6+ Kf7 41. Nd5 Ra1 42. Kf5 a4 43. f4 a3 44. Nc3 Kg7 45. Nb5
a2 46. Nc3 1-0

[Event "Staatsliga A 1998/99"]
[Site "Klagenfurt"]
[Date "1998.12.13"]
[Round "5.4"]
[White "Frosch, Erich"]
[Black "Stanec, Nikolaus"]
[Result "0-1"]
[WhiteElo "2280"]
[BlackElo "2495"]
[PlyCount "140"]
[EventDate "1998.11.13"]

1. d4 Nf6 2. c4 e6 3. Nc3 Bb4 4. Qc2 d5 5. a3 Bxc3+ 6. bxc3 c5 7. Nf3 O-O 8. e3
Nbd7 9. cxd5 exd5 10. Be2 b6 11. O-O Bb7 12. Bb2 Rc8 13. Qb3 Ne4 14. Rfd1 c4
15. Qc2 Rc6 16. Nd2 Nxd2 17. Qxd2 Rh6 18. g3 Re8 19. a4 Nf6 20. f3 Bc8 21. Re1
Bh3 22. Bc1 Rg6 23. Bd1 Bf5 24. Qf2 h5 25. Ra2 Qd7 26. h4 Qc7 27. Kh2 Bd3 28.
Rg1 Kh8 29. Rg2 Ng8 30. Bc2 Nh6 31. Bd1 Rf6 32. Qe1 Rfe6 33. Kg1 Nf5 34. Kf2
Nxe3 35. Bxe3 Qe7 36. Qd2 Rxe3 37. Rg1 g6 38. Rb2 Bf5 39. a5 bxa5 40. Ba4 Bd7
41. Bxd7 Qxd7 42. Qxe3 Rxe3 43. Kxe3 a4 44. Ra1 Kg7 45. Kf2 a6 46. Kg2 Qe8 47.
Kf2 Qe6 48. Rba2 Qb6 49. Rc2 Qb3 50. Raa2 a3 51. Kg2 Kf6 52. Kh2 Ke7 53. g4
Qb8+ 54. Kg2 hxg4 55. Re2+ Kf8 56. fxg4 Qf4 57. Rxa3 Qxg4+ 58. Kf1 Qxh4 59. Rf2
Qh3+ 60. Kg1 Qe6 61. Ra1 Kg7 62. Rf3 Qe2 63. Raf1 f5 64. R1f2 Qe4 65. Rg3 a5
66. Rb2 f4 67. Rb7+ Kh6 68. Rh3+ Kg5 69. Rhh7 Qe3+ 70. Kf1 Qxc3 0-1

[Event "Staatsliga A 1998/99"]
[Site "Klagenfurt"]
[Date "1998.12.13"]
[Round "5.5"]
[White "Felsberger, Alfred"]
[Black "Kotz, Heinz Peter"]
[Result "1-0"]
[WhiteElo "2395"]
[BlackElo "2265"]
[PlyCount "107"]
[EventDate "1998.11.13"]

1. e4 e5 2. Nf3 Nc6 3. Bc4 Nf6 4. d3 Be7 5. O-O O-O 6. Re1 d6 7. c3 Na5 8. Bb5
a6 9. Ba4 b5 10. Bc2 c5 11. Nbd2 Re8 12. d4 Nc6 13. d5 Nb8 14. a4 Bb7 15. Qe2
Qb6 16. b3 Nbd7 17. Nf1 Bf8 18. Bd2 Reb8 19. Reb1 Qc7 20. h3 g6 21. Ng3 bxa4
22. Rxa4 Nb6 23. Ra3 c4 24. b4 Nfd7 25. Nh2 Bg7 26. Ng4 Qd8 27. f3 Qf8 28. Be1
Rc8 29. Bf2 h5 30. Ne3 Bh6 31. Rd1 Qd8 32. Ngf1 Bg5 33. Kh1 h4 34. Nd2 Nf6 35.
Nexc4 Nxc4 36. Nxc4 Nh5 37. Na5 Rab8 38. Ba4 Bf4 39. Bc6 Bxc6 40. Nxc6 Qg5 41.
Nxb8 Ng3+ 42. Bxg3 Qxg3 43. Kg1 Qh2+ 44. Kf1 Rxb8 45. Qf2 Rc8 46. Ke2 f5 47.
Kd3 Rf8 48. Rf1 Bg5 49. Qe2 Qf4 50. Raa1 Rc8 51. Rxa6 Qg3 52. Rxd6 Kh7 53. Rc6
Ra8 54. Kc4 1-0

[Event "Staatsliga A 1998/99"]
[Site "Klagenfurt"]
[Date "1998.12.13"]
[Round "5.1"]
[White "Horvath, Jozsef"]
[Black "Almasi, Zoltan"]
[Result "1/2-1/2"]
[WhiteElo "2530"]
[BlackElo "2650"]
[PlyCount "34"]
[EventDate "1998.11.13"]

1. d4 Nf6 2. c4 e6 3. g3 d5 4. Bg2 Bb4+ 5. Bd2 Be7 6. Nf3 O-O 7. Qc2 c6 8. O-O
Nbd7 9. Bf4 Nh5 10. Bc1 Nhf6 11. b3 b6 12. Rd1 Bb7 13. Nc3 Qc8 14. Bb2 b5 15.
c5 b4 16. Na4 a5 17. a3 Ba6 1/2-1/2

[Event "Staatsliga A 1998/99"]
[Site "Klagenfurt"]
[Date "1998.12.13"]
[Round "5.2"]
[White "Baumegger, Siegfried"]
[Black "Hoelzl, Franz"]
[Result "0-1"]
[WhiteElo "2360"]
[BlackElo "2410"]
[PlyCount "70"]
[EventDate "1998.11.13"]

1. d4 Nf6 2. c4 e6 3. Nc3 Bb4 4. e3 c5 5. Bd3 d5 6. Nf3 O-O 7. O-O Nc6 8. a3
Bxc3 9. bxc3 Re8 10. a4 Qc7 11. cxd5 exd5 12. Ba3 Bg4 13. Bxc5 Ne4 14. Ba3 Re6
15. h3 Bh5 16. Rc1 Na5 17. g4 Bg6 18. Ne5 Rc8 19. c4 Rxe5 20. dxe5 Nxc4 21.
Bxc4 dxc4 22. Qd4 h5 23. f4 Qc6 24. Kh2 hxg4 25. hxg4 f6 26. Rcd1 Qxa4 27. Qd7
Qc2+ 28. Kg1 Rc6 29. Qd5+ Bf7 30. Qd8+ Kh7 31. Rf3 Qe2 32. Rdf1 Nd2 33. R1f2
Nxf3+ 34. Kg2 Nh4+ 35. Kg3 Qxe3+ 0-1

[Event "Staatsliga A 1998/99"]
[Site "Klagenfurt"]
[Date "1998.12.13"]
[Round "5.3"]
[White "Steflitsch, Erich"]
[Black "Freitag, Manfred"]
[Result "0-1"]
[WhiteElo "2325"]
[BlackElo "2400"]
[PlyCount "76"]
[EventDate "1998.11.13"]

1. e4 c5 2. Nf3 d6 3. d4 cxd4 4. Nxd4 Nf6 5. Nc3 a6 6. Bg5 e6 7. f4 Be7 8. Qf3
Qa5 9. O-O-O Bd7 10. Bc4 Nc6 11. Nxc6 Bxc6 12. Rhe1 h6 13. Bxf6 Bxf6 14. Nd5
Bxd5 15. exd5 e5 16. fxe5 Bxe5 17. Rxe5+ dxe5 18. d6 O-O 19. Qxb7 Rad8 20. Qxa6
Qc5 21. a4 Kh7 22. Qb5 Qe3+ 23. Kb1 f5 24. Qd5 e4 25. Bf1 Qf2 26. c4 e3 27. Qf3
Rfe8 28. Qxf2 exf2 29. c5 Re5 30. c6 Rxd6 31. Rxd6 Re1+ 32. Ka2 Rxf1 33. Rd4
Ra1+ 34. Kxa1 f1=Q+ 35. Ka2 Qc1 36. b3 Qxc6 37. Rd2 Qc3 38. Rb2 Qb4 0-1

[Event "Staatsliga A 1998/99"]
[Site "Klagenfurt"]
[Date "1998.12.13"]
[Round "5.4"]
[White "Casagrande, Harald"]
[Black "Titz, Heimo"]
[Result "1-0"]
[WhiteElo "2360"]
[BlackElo "2305"]
[PlyCount "171"]
[EventDate "1998.11.13"]

1. d4 Nf6 2. Nf3 e6 3. Bg5 b6 4. e4 h6 5. Bxf6 Qxf6 6. Bd3 Bb7 7. Nbd2 d6 8.
Qe2 a6 9. c3 Nd7 10. O-O-O Qd8 11. Nc4 c5 12. h4 Qc7 13. d5 b5 14. dxe6 fxe6
15. e5 O-O-O 16. exd6 Bxd6 17. Nxd6+ Qxd6 18. Kb1 Qb6 19. Be4 Bxe4+ 20. Qxe4
Nf6 21. Qe2 Qc6 22. Rxd8+ Rxd8 23. Re1 Rd6 24. Qe3 Qd5 25. Ne5 Nd7 26. Nf3 Qf5+
27. Kc1 Qd5 28. b3 Qf5 29. Qe4 Qxe4 30. Rxe4 Nf6 31. Re5 Rc6 32. Nd2 Kd7 33.
Kc2 Ke7 34. Re3 Rd6 35. Nf3 Ng4 36. Re2 Rd5 37. Nd2 Nf6 38. c4 Rd4 39. g3 Kd6
40. Kc3 Ke7 41. b4 bxc4 42. bxc5 Rg4 43. Nxc4 Ne4+ 44. Kb2 Nxc5 45. Rc2 Nd7 46.
Kc3 Re4 47. Ne3 Nc5 48. Kd2 Rd4+ 49. Ke2 Ne4 50. Nc4 Nf6 51. Ke3 Rd1 52. Nd2
Re1+ 53. Kf3 Nd5 54. Ne4 Rb1 55. Rc6 Rb6 56. Rxb6 Nxb6 57. Ke3 e5 58. Nc5 Nd5+
59. Ke4 Nc3+ 60. Kxe5 Nxa2 61. Nxa6 Nc3 62. Nb4 Kf7 63. h5 Nd1 64. Nd3 Nc3 65.
g4 Ne2 66. f3 Ng1 67. Ke4 Ne2 68. Ke5 Ng1 69. f4 Nf3+ 70. Ke4 Nd2+ 71. Kf5 Nf1
72. Ne5+ Kg8 73. Kg6 Ne3 74. Nc6 Ng2 75. Ne7+ Kf8 76. Nd5 Kg8 77. Kf5 Kf7 78.
Ke4 Ne1 79. Nb4 Kf6 80. Ke3 Ng2+ 81. Kf3 Nh4+ 82. Kg3 g5 83. Nd5+ Ke6 84. fxg5
hxg5 85. Ne3 Ke5 86. Ng2 1-0

[Event "Staatsliga A 1998/99"]
[Site "Klagenfurt"]
[Date "1998.12.13"]
[Round "5.5"]
[White "Schumi, Manfred"]
[Black "Postl, Anton"]
[Result "1-0"]
[WhiteElo "2260"]
[BlackElo "2295"]
[PlyCount "39"]
[EventDate "1998.11.13"]

1. e4 c5 2. Nf3 d6 3. d4 cxd4 4. Nxd4 Nf6 5. Nc3 a6 6. Be3 e6 7. f4 b5 8. Qf3
Bb7 9. Bd3 Nbd7 10. g4 Nc5 11. g5 b4 12. gxf6 bxc3 13. fxg7 Bxg7 14. bxc3 Qa5
15. Bd2 O-O 16. Rg1 Kh8 17. Rg5 Rg8 18. Ke2 f5 19. Qh3 fxe4 20. Rh5 1-0

[Event "Staatsliga A 1998/99"]
[Site "Klagenfurt"]
[Date "1998.12.13"]
[Round "5.6"]
[White "Demuth, Markus"]
[Black "Petschar, Kurt"]
[Result "1-0"]
[WhiteElo "2225"]
[BlackElo "2260"]
[PlyCount "83"]
[EventDate "1998.11.13"]

1. e4 c5 2. Nf3 Nc6 3. d4 cxd4 4. Nxd4 e5 5. Nb5 d6 6. N1c3 a6 7. Na3 b5 8. Nd5
Nge7 9. c4 Nd4 10. Be3 Nxd5 11. exd5 Be7 12. cxb5 O-O 13. Bxd4 exd4 14. Bd3
axb5 15. Nxb5 Qa5+ 16. Qd2 Bd7 17. a4 Qxb5 18. Bxb5 Bxb5 19. f3 Bh4+ 20. g3 Bf6
21. Kf2 Bxa4 22. Rhc1 h6 23. Rc4 Bb3 24. Rxa8 Rxa8 25. Rxd4 Ra2 26. Rb4 Rxb2
27. Qxb2 Bxb2 28. Rb8+ Kh7 29. Rxb3 Bd4+ 30. Ke2 g5 31. Kd3 Bg1 32. h3 Kg6 33.
Rb8 h5 34. Rg8+ Kf5 35. Rh8 Kg6 36. Rd8 Bc5 37. Rd7 f6 38. g4 f5 39. Rd8 hxg4
40. hxg4 fxg4 41. fxg4 Kf6 42. Re8 1-0